Southville International School and Colleges
Your cart is empty.
  • Cart
  • Lists
    Public lists Eva Luna New books Lux_list list_1
    Your lists Log in to create your own lists
  • Log in to your account
  • Your cookies
  • Search history
Southville International School and Colleges
  • Advanced search
  • Recent comments
  • Most popular
  • Libraries

Log in to your account

Log in with GOOGLE


If you do not have an external account, but do have a local account, you can still log in:

  1. Home
  2. MARC view: The bravest dog ever :
Normal view MARC view ISBD view

The bravest dog ever : (Record no. 102190)

[ view plain ]
MARC details
000 -LEADER
fixed length control field 00826nam a2200205 a 4500
005 - DATE AND TIME OF LATEST TRANSACTION
control field 20140412111232.0
008 - FIXED-LENGTH DATA ELEMENTS--GENERAL INFORMATION
fixed length control field 020416s19uu xx 00 eng d
020 ## - INTERNATIONAL STANDARD BOOK NUMBER
International Standard Book Number 0-394-89695-5
050 ## - LIBRARY OF CONGRESS CALL NUMBER
Classification number M 636.7'3
Item number S11 1989
100 ## - MAIN ENTRY--PERSONAL NAME
Personal name Standiford, Natalie
245 ## - TITLE STATEMENT
Title The bravest dog ever :
Remainder of title the true story of Balto /
Statement of responsibility, etc by Natalie Standiford; illustratd by Donald Cook.
260 ## - PUBLICATION, DISTRIBUTION, ETC. (IMPRINT)
Place of publication, distribution, etc New York :
Name of publisher, distributor, etc Random House,
Date of publication, distribution, etc 1989.
300 ## - PHYSICAL DESCRIPTION
Extent 47 p. ; ill.
440 ## - SERIES STATEMENT/ADDED ENTRY--TITLE
Title Step into Reading, Grades 1-2, bk. 2
520 ## - SUMMARY, ETC.
Summary, etc Recounts the life of Balto, the sled dog who saved Nome, Alaska in 1925 from diptheria epidemic be delivering medicine through a raging snowstorm.
650 ## - SUBJECT ADDED ENTRY--TOPICAL TERM
Topical term or geographic name as entry element Balto (Dog)
General subdivision Juvenile literature
650 ## - SUBJECT ADDED ENTRY--TOPICAL TERM
Topical term or geographic name as entry element Sled dogs
General subdivision Alaska
-- Nome
-- Biography
650 ## - SUBJECT ADDED ENTRY--TOPICAL TERM
Topical term or geographic name as entry element Diptheria
General subdivision Alaska
-- Nome
-- Prevention
Holdings
Withdrawn status Lost status Damaged status Use restrictions Home library Current library Shelving location Date acquired Source of acquisition Cost, normal purchase price Total Checkouts Full call number Barcode Date last seen Price effective from Koha item type
        Elizalde Library Elizalde Library Main Section 04/16/2002   70.75   M 636.7'3 S11 1989 E0711 04/12/2014 04/12/2014 Books

The bravest dog ever :

APA

Standiford N., . (1989). The bravest dog ever. New York: Random House.

Chicago

Standiford Natalie, . 1989. The bravest dog ever. New York: Random House.

Harvard

Standiford N., . (1989). The bravest dog ever. New York: Random House.

MLA

Standiford Natalie, . The bravest dog ever. New York: Random House. 1989.

  • Place hold
  • Print
  • Cite
  • Add to your cart (remove)
  • Save record
    BIBTEX Dublin Core MARCXML MARC (non-Unicode/MARC-8) MARC (Unicode/UTF-8) MARC (Unicode/UTF-8, Standard) MODS (XML) RIS
  • More searches
    Search for this title in:
    Other Libraries (WorldCat) Other Databases (Google Scholar) Online Stores (Bookfinder.com) Open Library (openlibrary.org)

Exporting to Dublin Core...

SOUTHVILLE LIBRARY

Southville International School and Colleges Library

1281 Tropical Ave. Cor. Luxembourg St., BF Homes International, Las Pinas City

Tel. No. 8256374 / 252358 Loc. 117/146

Powered by Koha